00825nam a22002177a 450000500170000001000150001702000260003203500140005803700340007208200130010624500720011925000070019126000470019827000750024530000280032065000240034870000320037294200270040499900190043195201570045020250113100006.0 aENG-143317 a9788181912961c575.00 aEN-126849 bDelivery of Book Act Division a615.9003 aTextbook of Forensic Medicine and Toxicology/cEdited by V V Pillay a15 aNew DelhibParas Medical Publishers;c2010 a 2/25, Grd Flr, Arun House, Ansari Rd, Darya Ganj, bNew Delhie110002 a680p. c24cm.(pb)bill. aPharmacology976394 aPillay, V V eEditor976395 2ddccENh615.9003mTEX c208391d208391 001040708NFICaMPbMPd2025-01-13eDelivery of Books Act Divisiong575.00l0o615.9003 TEXpEN-126849r2025-01-13 00:00:00t1v575.00w2025-01-13yEN